Cine y literatura: narrativa de la identidad

La narrativa literatura y audiovisual en la construcción de la identidad cultural colombiana.

Uloženo v:
Podrobná bibliografie
Hlavní autor: Laverde Román, Alejandra
Médium: Neznámo
Vydáno: Medellín: Editorial Universidad de Medellín
Témata:
Tagy: Přidat tag
Žádné tagy, Buďte první, kdo vytvoří štítek k tomuto záznamu!

MARC

LEADER 000000000a22000000004500
001 000288
022 |a 16922522 
041 0 |a español 
100 1 |a Laverde Román, Alejandra 
245 1 0 |a Cine y literatura: narrativa de la identidad 
260 |a Medellín:   |b Editorial Universidad de Medellín 
310 |a Semestral 
520 |a La narrativa literatura y audiovisual en la construcción de la identidad cultural colombiana. 
650 4 |a CINE Y LITERATURA 
650 4 |a IDENTIDAD CULTURAL 
773 0 |t Anagramas: rumbos y sentidos de la comunicación 
773 0 |g 8 
773 0 |g 16 
773 0 |g 2010 
773 0 |g 129-148 
999 |c 929  |d 929